[Event "Almunecar FEDC op 17th"]
[Site "Almunecar"]
[Date "2016.09.26"]
[Round "2"]
[White "Fernandez Fernandez, Lidia Raque"]
[Black "Jimenez Mahillo, David"]
[Result "0-1"]
[WhiteElo "1038"]
[BlackElo "1324"]
[PlyCount "62"]
[EventDate "2016.09.25"]
[EventType "swiss"]
[EventRounds "7"]
[EventCountry "ESP"]
[SourceTitle "EXT 2017"]
[Source "ChessBase"]
[SourceDate "2016.10.25"]
[SourceVersion "1"]
[SourceVersionDate "2016.10.25"]
[SourceQuality "1"]

1. e4 e5 2. Nf3 Nc6 3. Bc4 Bc5 4. d3 h6 5. 0-0 Nf6 6. Nc3 d6 7. Be3 0-0 8. d4 Bb4 9. Nd5 Nxd5 10. exd5 Ne7 11. dxe5 Bg4 12. c3 Ba5 13. b4 Bb6 14. Bxb6 cxb6 15. Be2 Ng6 16. a4 dxe5 17. Nxe5 Nxe5 18. Bxg4 Nxg4 19. Qxg4 Qxd5 20. Rad1 Qb3 21. a5 bxa5 22. bxa5 Qxc3 23. Qd7 Rab8 24. g3 Qxa5 25. Rd5 Qb4 26. Qd6 Qxd6 27. Rxd6 b5 28. Ra1 b4 29. Rxa7 b3 30. Rda6 b2 31. Ra8 b1Q+ 0-1

[Event "Benidorm FEDC op 16th"]
[Site "Benidorm"]
[Date "2016.06.15"]
[Round "4.18"]
[White "Montilla Bejarano, Carmen"]
[Black "Fernandez Fernandez, Lidia Raque"]
[Result "1-0"]
[WhiteElo "1069"]
[BlackElo "1051"]
[PlyCount "39"]
[EventDate "2016.06.12"]
[EventType "swiss"]
[EventRounds "7"]
[EventCountry "ESP"]
[SourceTitle "EXT 2024"]
[Source "ChessBase"]
[SourceDate "2023.10.10"]
[SourceVersion "1"]
[SourceVersionDate "2023.10.10"]
[SourceQuality "1"]

1. e4 e5 2. Bc4 Bc5 3. Nf3 Nf6 4. Nc3 Nc6 5. Ng5 0-0 6. d4 Bxd4 7. Nd5 Nxd5 8. Bxd5 Qf6 9. 0-0 Nb4 10. c3 c6 11. Bb3 Bxc3 12. bxc3 Na6 13. Qh5 Qg6 14. Qxg6 hxg6 15. f4 exf4 16. Bxf4 d6 17. Bxd6 Rd8 18. Nxf7 Rd7 19. Ng5+ Kh8 20. Rf8# 1-0

[Event "Benidorm FEDC op 16th"]
[Site "Benidorm"]
[Date "2016.06.12"]
[Round "1.15"]
[White "Garcia Andrinal, Antonio"]
[Black "Fernandez Fernandez, Lidia Raque"]
[Result "1-0"]
[WhiteElo "1682"]
[BlackElo "1051"]
[PlyCount "41"]
[EventDate "2016.06.12"]
[EventType "swiss"]
[EventRounds "7"]
[EventCountry "ESP"]
[SourceTitle "EXT 2024"]
[Source "ChessBase"]
[SourceDate "2023.10.10"]
[SourceVersion "1"]
[SourceVersionDate "2023.10.10"]
[SourceQuality "1"]

1. e4 e5 2. Nf3 Nc6 3. Bc4 Bc5 4. c3 Nf6 5. d4 exd4 6. cxd4 Bb4+ 7. Nc3 0-0 8. 0-0 d6 9. a3 Ba5 10. Bd3 Bg4 11. Bg5 Qe8 12. Bxf6 gxf6 13. Nd5 Qe6 14. h3 Bxf3 15. Qxf3 Rfd8 16. Qg3+ Kf8 17. Qh4 Nxd4 18. Nxf6 Kg7 19. Qg5+ Kh8 20. Qh6 Nb3 21. Qxh7# 1-0

[Event "Benidorm Ciegos-ch 15th"]
[Site "Benidorm"]
[Date "2015.06.10"]
[Round "4"]
[White "Fernandez Fernandez, Lidia Raque"]
[Black "Calvente Aldehuela, Antonia"]
[Result "0-1"]
[WhiteElo "1118"]
[BlackElo "1337"]
[PlyCount "63"]
[EventDate "2015.06.07"]
[EventType "swiss"]
[EventRounds "7"]
[EventCountry "ESP"]
[SourceTitle "CBM 167 Extra"]
[Source "ChessBase"]
[SourceDate "2015.09.14"]
[SourceVersion "1"]
[SourceVersionDate "2015.09.14"]
[SourceQuality "1"]

1. e4 e5 2. Nf3 Nc6 3. Bc4 Nf6 4. Nc3 Nxe4 5. Nxe4 d5 6. Bd3 dxe4 7. Bxe4 Bc5 8. 0-0 0-0 9. d3 Bg4 10. Bg5 Bxf3 11. Bxd8 Bxd1 12. Raxd1 Raxd8 13. a3 a5 14. c3 Rd6 15. b4 axb4 16. axb4 Ba7 17. b5 Nd8 18. c4 Bd4 19. g3 f5 20. Bf3 b6 21. h3 Ne6 22. g4 Ng5 23. Bd5+ Kh8 24. h4 Nh3+ 25. Kh2 fxg4 26. f3 Nf2 27. Rde1 gxf3 28. Ra1 Bxa1 29. Rxf2 Rh6 30. Kh3 g5 31. Rxf3 Rxh4+ 32. Kg3 0-1

[Event "Benidorm FEDC op 14th"]
[Site "Benidorm"]
[Date "2014.06.14"]
[Round "7"]
[White "Fernandez Fernandez, Lidia Raque"]
[Black "Montilla Bejarano, Carmen"]
[Result "0-1"]
[WhiteElo "1186"]
[BlackElo "1130"]
[PlyCount "30"]
[EventDate "2014.06.08"]
[EventType "swiss"]
[EventRounds "7"]
[EventCountry "ESP"]
[SourceTitle "EXT 2016"]
[Source "ChessBase"]
[SourceDate "2015.10.08"]
[SourceVersion "1"]
[SourceVersionDate "2015.10.08"]
[SourceQuality "1"]

1. e4 e5 2. Nf3 Nc6 3. Bb5 Nf6 4. d3 Bb4+ 5. Bd2 Bc5 6. Nc3 Ng4 7. 0-0 Nxf2 8. Rxf2 Bxf2+ 9. Kxf2 0-0 10. Bc4 d6 11. Ng5 Qf6+ 12. Kg1 Be6 13. Qh5 h6 14. Nxe6 fxe6 15. Rf1 Qxf1# 0-1

[Event "Benidorm FEDC op 14th"]
[Site "Benidorm"]
[Date "2014.06.10"]
[Round "3"]
[White "Diez Arce, Pedro"]
[Black "Fernandez Fernandez, Lidia Raque"]
[Result "1-0"]
[WhiteElo "1529"]
[BlackElo "1186"]
[PlyCount "59"]
[EventDate "2014.06.08"]
[EventType "swiss"]
[EventRounds "7"]
[EventCountry "ESP"]
[SourceTitle "EXT 2016"]
[Source "ChessBase"]
[SourceDate "2015.10.08"]
[SourceVersion "1"]
[SourceVersionDate "2015.10.08"]
[SourceQuality "1"]

1. e4 e6 2. d4 d5 3. e5 c6 4. Nf3 g6 5. c4 Bg7 6. cxd5 cxd5 7. Nc3 Nc6 8. Nb5 Bf8 9. Bg5 Qd7 10. a3 a6 11. Nc3 Be7 12. Bxe7 Ngxe7 13. Na4 Qd8 14. Be2 Qa5+ 15. Nc3 b5 16. b4 Qb6 17. Qd2 Nf5 18. Rd1 0-0 19. g4 Nd6 20. exd6 a5 21. Bxb5 axb4 22. Bxc6 Qxc6 23. axb4 Qxd6 24. b5 Bd7 25. 0-0 Rab8 26. Rb1 f6 27. g5 Rf7 28. gxf6 Rxf6 29. Ne5 Rf5 30. Nxd7 1-0

[Event "Benidorm FEDC op 14th"]
[Site "Benidorm"]
[Date "2014.06.09"]
[Round "2"]
[White "Fernandez Fernandez, Lidia Raque"]
[Black "Galletero Monsalve, Juan Fco"]
[Result "0-1"]
[WhiteElo "1186"]
[BlackElo "1461"]
[PlyCount "40"]
[EventDate "2014.06.08"]
[EventType "swiss"]
[EventRounds "7"]
[EventCountry "ESP"]
[SourceTitle "EXT 2016"]
[Source "ChessBase"]
[SourceDate "2015.10.08"]
[SourceVersion "1"]
[SourceVersionDate "2015.10.08"]
[SourceQuality "1"]

1. e4 e5 2. Nf3 Nc6 3. Be2 Nf6 4. b3 Nxe4 5. 0-0 d5 6. Bb2 d4 7. c3 d3 8. Bxd3 Qxd3 9. Na3 b5 10. Qc2 Qxc2 11. Nxc2 Bg4 12. d3 Bxf3 13. gxf3 Nd2 14. Rfd1 Nxf3+ 15. Kh1 Bd6 16. d4 Rd8 17. dxe5 Bxe5 18. Nb4 Rxd1+ 19. Rxd1 Nxb4 20. Rd5 Nxd5 0-1